Responses for Show #5833 - Wednesday, January 13, 2010

Jason Zollinger game 2.

Contestants

[<< previous game]

Thomas Meringolo, a high school language arts teacher from Wilton Manors, Florida

Janna Hutz, a graduate student in human genetics originally from West Bloomfield, Michigan

Jason Zollinger, an engine assembler from South Dayton, New York (whose 1-day cash winnings total $26,801)

[next game >>]

Jeopardy! Round responses

STATES BY COUNTIES
MOVIE POLITICIANS
INTERNATIONAL ETIQUETTE
LITERARY CHARACTERS
HOLE FOODS
DUMB DOWN THE CLICHE
    $200 1
Connecticut

Janna
    $200 22
The Simpsons Movie

Triple Stumper
    $200 13
his ring

Jason
    $200 10
The Scarlet Letter

Janna
    $200 6
Cheerios

Janna
    $200 18
pull a rabbit out of your hat

Janna
    $400 2
Massachusetts

Jason
    $400 23
Peter Sellers

Triple Stumper
    $400 15
(Thomas: What are Scotland & Ireland?)

Scotland & Wales

JannaThomas
    $400 12
(Hercule) Poirot

Janna
    $400 7
Swiss cheese

Janna
    $400 19
I smell a rat

Janna
    $600 3
Georgia

Jason
    $600 27
Mr. Smith Goes to Washington

Jason
    $1,000 16
Panama

Janna
    $600 14
Breaking Dawn

Janna
    $600 8
Dunkin' Donuts

Janna
    $600 20
waiting for the other shoe to drop

Jason
    $800 4
(Janna: What is South Dakota?)
(Jason: What is Wyoming?)
(Thomas: What is North Dakota?)

Montana

JasonJannaThomas
Triple Stumper
    $800 28
Blazing Saddles

Jason
    $800 17
your name

Triple Stumper
    $800 21
(Jason: What is Lonesome Dove?)

Terms of Endearment

Jason
Triple Stumper
    $800 9
a bagel

Jason
    $800 25
grab the bull by the horns

Jason
    $1000 5
Pennsylvania

Thomas
    $1000 29
Dave

Jason
    $1000 30
Maori

Jason
    $1000 24
(Janna: What is the Winter Witch?)

the White Witch

Janna
Triple Stumper
    $1000 11
rotelle

Thomas
    $1000 26
steal from Peter to pay Paul

Janna

Scores at the first commercial break (after clue 15):

Jason Janna Thomas
$1,200 $2,200 $800

Scores at the end of the Jeopardy! Round:

Jason Janna Thomas
$5,200 $3,800 $800

Double Jeopardy! Round responses

FLAGS OF THE WORLD
COMIC BOOKS
(Alex: You have to identify the comedian who wrote the book.)
BLOOD WORK
YOU KNOW HOW TO WHISTLE, DON'T YOU?
CONVERSATIONS
CHEWING THE "FAT"
    $400 3
the U.S.S.R. (the Soviet Union)

Janna
    $400 18
Jerry Seinfeld

Janna
    $400 4
the circulatory system

Janna
    $400 25
Dixie

Janna
    $400 16
God & Moses

Thomas
    $400 1
an infatuation

Janna
    $800 7
(Janna: What are pink & white?)
(Thomas: What are pink & black?)

red & white

JannaThomas
Triple Stumper
    $800 20
Jay Leno

Thomas
    $800 5
a stem cell

Janna
    $800 26
The Andy Griffith Show

Jason
    $800 17
Billy Graham

Jason
    $800 2
Minnesota Fats

Jason
    $1200 8
Nepal

Jason
    $1200 22
(Jason: Who is Jon Stewart?)

Stephen Colbert

JasonJanna
    $1200 6
(Thomas: What is serum?)
[Initially ruled incorrect; later reversed]

plasma

JasonThomas
    $1200 19
George III

Jason
    $1200 13
Yasser Arafat

Jason
    $1600 9
Iraq

Thomas
    $1600 23
(Alex: [Chuckling] Jason, now was the time for [*]. Minute to go.)

Jon Stewart

Triple Stumper
    $1600 11
platelets

Thomas
    $1600 21
Alex Haley

Jason
    $1600 14
chronic fatigue syndrome

Janna
    $2,000 10
the Falklands

Thomas
    $2000 24
Craig Ferguson

Triple Stumper
    $4,000 12
(Thomas: What is a stroke?)
(Alex: Oh, no, not a stroke. It's [*]. Much more benign than a stroke, obviously.)

fainting

Thomas
    $2000 27
[The end-of-round signal sounds.]

Bill Moyers

Triple Stumper
    $2000 15
fata Morgana

Triple Stumper

Scores at the end of the Double Jeopardy! Round:

Jason Janna Thomas
$12,800 $8,600 $3,600

[wagering suggestions for these scores]

Final Jeopardy! Round responses

RECORD OF THE YEAR GRAMMY WINNERS
ThomasWhat is "We Are the World"?
$3,599
JannaWhat is Thriller?
$4,201
JasonWhat is "We Are the World"?
$4,401
"We Are The World"

Final scores:

Jason Janna Thomas
$17,201 $4,399 $7,199
2-day champion: $44,002 3rd place: $1,000 2nd place: $2,000

Game dynamics:

Coryat scores:

Jason Janna Thomas
$12,800 $8,200 $7,600
18 R,
3 W
20 R
(including 1 DD),
3 W
8 R
(including 1 DD),
4 W
(including 1 DD)

Combined Coryat: $28,600

[game clues] [game scores] [suggest correction]

Game tape date: 2009-11-17
The J! Archive is created by fans, for fans. Scraping, republication, monetization, and malicious use prohibited; this site may use cookies and collect identifying information. See terms. The Jeopardy! game show and all elements thereof, including but not limited to copyright and trademark thereto, are the property of Jeopardy Productions, Inc. and are protected under law. This website is not affiliated with, sponsored by, or operated by Jeopardy Productions, Inc. Join the discussion at JBoard.tv.